[Event "Swidnica op"]
[Site "Swidnica"]
[Date "1999.07.04"]
[Round "7"]
[White "Poluljahov, Aleksandr"]
[Black "Galinsky, Timofey"]
[Result "1/2-1/2"]
[WhiteElo "2566"]
[BlackElo "2396"]

1.c4 e6 2.Nf3 d5 3.g3 c6 4.b3 Nf6 5.Bg2 Nbd7 6.O-O Bd6 7.d4 O-O 8.Bb2 b6
9.Nc3 Ba6 10.Nd2 Rc8 11.e4 dxe4 12.Ndxe4 Be7 13.Re1 Re8 14.a4 Bb4 15.Re3 Bb7
16.a5 Rc7 17.a6 Bc8 18.Rd3 Nxe4 19.Nxe4 f5 20.Nc3 Nf6 21.Ra4 Qe7 22.Qe2 Qf8
23.Ra1 Bd6 24.f4 Kh8 25.Bf3 Nd7 26.Bh5 Re7 27.Ba3 Bxa3 28.Rxa3 Nb8 29.Qa2 Red7
30.Bf3 Rd8 31.Ne2 Nd7 32.Re3 Nf6 33.Qb2 h6 34.Ra1 Kh7 35.b4 Ne4 36.c5 bxc5
37.bxc5 Nf6 38.Rb3 Qe7 39.Ra4 Nd5 40.Rb8 g5 41.Qd2 gxf4 42.Nxf4 e5 43.Nxd5 cxd5
44.Qe3 f4 45.Qxe5 Qxe5 46.dxe5 fxg3 47.hxg3 Rxc5 48.Rd4 Rg8 49.Bxd5 Rxg3+
50.Kf2 Ra3 51.Be4+ Kg7 52.Rb7+ Bxb7 53.axb7 Rb3 54.Rd7+ Kf8 55.e6 Re5 56.Rf7+ Kg8
57.Bh7+ Kh8 58.Bc2 Rb2 59.Rf8+ Kg7 60.b8=Q Rxb8 61.Rxb8 Rxe6 62.Rb7+ Kf6
63.Rxa7 Ke5 64.Kf3 Kd4 65.Kg4 Rc6 66.Bf5 Ke5 67.Ra5+ Kd6 68.Kh5 Rc5 69.Ra6+  1/2-1/2

[Event "EUCup99 (Women)"]
[Site "Nova Gorica"]
[Date "1999.07.05"]
[Round "7"]
[White "Kononenko, Tatiana"]
[Black "Medic, Mirjana"]
[Result "1-0"]
[WhiteElo "2295"]
[BlackElo "2327"]

1.c4 e6 2.Nf3 d5 3.g3 Nf6 4.Bg2 dxc4 5.Qa4+ Nbd7 6.Qxc4 a6 7.Qc2 c5 8.d4 Nd5
9.Nc3 cxd4 10.Nxd4 N7f6 11.Nxd5 Nxd5 12.O-O Be7 13.Rd1 O-O 14.e4 Nb4 15.Qe2 Qc7
16.a3 e5 17.axb4 exd4 18.Rxd4 Be6 19.Be3 Bf6 20.Rd2 Rfd8 21.Rc2 Qd7 22.Bb6 Rdc8
23.Rd2 Qb5 24.Qxb5 axb5 25.Rxa8 Rxa8 26.f4 g6 27.e5 Bg7 28.Bxb7 Ra1+ 29.Kf2 h5
30.h4 Bc4 31.Bc5 Rf1+ 32.Kg2 Rc1 33.Bc6 f6 34.Be4 fxe5 35.Bxg6 Bf6 36.fxe5 Bxe5
37.Bxh5 Kg7 38.Be3 Rb1 39.Kf3 Bxb2 40.Rd7+ Kg8 41.Bg6 Rf1+ 42.Kg2 Bc3 43.h5 Rf6
44.g4 Be6 45.Rd8+ Rf8 46.Rxf8+ Kxf8 47.Bc5+ Kg7 48.g5 Bd2 49.Bd4+ Kf8 50.h6 Bg8
51.Bc5+  1-0

[Event "NOR-ch"]
[Site "Gausdal"]
[Date "1999.07.07"]
[Round "6"]
[White "Groenn, Atle"]
[Black "Christenson, Flemming"]
[Result "1-0"]
[WhiteElo "2310"]
[BlackElo "2223"]

1.Nf3 e6 2.c4 d5 3.d4 c6 4.Qc2 Nf6 5.g3 dxc4 6.Qxc4 b5 7.Qc2 Bb7 8.Bg2 Nbd7
9.a4 a6 10.O-O Rc8 11.e4 c5 12.d5 exd5 13.exd5 Nxd5 14.axb5 axb5 15.Re1+ Be7
16.Ra7 Qb6 17.Rxb7 Qxb7 18.Nh4 g6 19.Bg5 O-O 20.Rxe7 Rfe8 21.Qd2 Rxe7 22.Bxd5 Re1+
23.Kg2 Re2 24.Bxb7 Rxd2 25.Nxd2 Rc7 26.Bd5 Nb6 27.Bd8 Rd7 28.Bxb6 Rxd5 29.Ne4 Rd4
30.Nxc5 Rd2 31.b4 Rb2 32.Ba5 f5 33.Nf3 Kf7 34.Nd4 Kf6 35.Nxb5 g5 36.Nd6 h5
37.b5 Rb1 38.b6 h4 39.gxh4 g4 40.Nxf5  1-0

[Event "Dutch Open"]
[Site "Dieren"]
[Date "1999.07.21"]
[Round "2"]
[White "Bosboom, Manuel"]
[Black "Kobrin, Michael"]
[Result "1-0"]
[WhiteElo "2476"]
[BlackElo "2355"]

1.c4 e6 2.Nf3 d5 3.g3 Nf6 4.Bg2 Be7 5.O-O O-O 6.Qc2 c5 7.d4 Nc6 8.dxc5 Bxc5
9.a3 Qe7 10.Bg5 dxc4 11.Qxc4 e5 12.Bxf6 gxf6 13.Nc3 Be6 14.Qh4 Kg7 15.Rac1 Nd4
16.Nxd4 Bxd4 17.Nd5 Bxd5 18.Bxd5 Qd7 19.Be4 h6 20.Qh5 Rh8 21.Rfd1 Rhc8 22.Rxc8 Qxc8
23.e3 Bxb2 24.Bf5 Qc4 25.Rd7 Bxa3 26.h4 Bc5 27.Qg6+ Kf8 28.Qxf6 Kg8 29.Qxh6 Bf8  1-0

[Event "Komercni Banka op"]
[Site "Pardubice"]
[Date "1999.07.23"]
[Round "8"]
[White "Kuporosov, Viktor"]
[Black "Dolinskij, Boris"]
[Result "1/2-1/2"]
[WhiteElo "2482"]
[BlackElo "2359"]

1.c4 e6 2.Nf3 d5 3.g3 dxc4 4.Qa4+ Nd7 5.Bg2 a6 6.Qxc4 b5 7.Qc2 Bb7 8.O-O Ngf6
9.b3 Be7 10.Bb2 O-O 11.d3 c5 12.Nbd2 Rc8 13.Rac1 Nd5 14.Qb1 Bf6 15.Ne4 Bxb2
16.Qxb2 Qe7 17.a3 f5 18.Ned2 e5 19.e4 fxe4 20.Nxe4 N5f6 21.Rfe1 Nxe4 22.dxe4 Rf6
23.Re2 Rcf8 24.Rc3 Kh8 25.Qc2 Nb6 26.Nd2 Rc6 27.Re1 Rfc8 28.Bf1 Rd8 29.Rc1 Rdc8
30.a4 b4 31.Re3 a5 32.Nc4 Nxc4 33.Bxc4 Rd6 34.Rf3 Rf8 35.Rxf8+ Qxf8 36.Bf1 Qd8
37.Qxc5 h6 38.Qxe5 Rf6 39.Rc2 Qd1 40.Ra2 Qxb3 41.Rb2 Qa3 42.Rd2 Kh7 43.Qd4 Qxa4
44.Bd3 Rf8 45.Rc2 Qb3 46.Rc7 Qd1+ 47.Kg2 Qf3+ 48.Kg1 Qd1+  1/2-1/2

[Event "Biel MTO"]
[Site "Biel"]
[Date "1999.07.27"]
[Round "8"]
[White "Kveinys, Aloyzas"]
[Black "Kaenel, Hansjuerg"]
[Result "1/2-1/2"]
[WhiteElo "2515"]
[BlackElo "2408"]

1.c4 e6 2.Nf3 d5 3.d4 Nf6 4.Qc2 Nbd7 5.cxd5 exd5 6.Nc3 c6 7.Bg5 Be7 8.e3 O-O
9.Bd3 Re8 10.O-O Nf8 11.h3 Nh5 12.Bxe7 Qxe7 13.Rab1 Nf6 14.b4 b6 15.Ne5 Bb7
16.Rfc1 N6d7 17.Nf3 g6 18.Qb3 a6 19.Re1 Nf6 20.a4 Ne6 21.a5 b5 22.Rbc1 Rac8
23.Bb1 Rc7 24.Ne2 Rd8 25.Ne5 Ne8 26.Nf4 Nd6 27.Nxe6 Qxe6 28.e4 Qc8 29.exd5 cxd5
30.Rc5 Nc4 31.Nd3 Rxc5 32.Nxc5 Qc7 33.Qf3 Bc8 34.Qf6 Qd6 35.Qg5 f6 36.Qh6 Qf8
37.Qc1 Re8 38.Bd3 Re7 39.Re2 Qe8 40.Qd1 Kf7 41.h4 Nb2 42.Rxe7+ Qxe7 43.Qc1 Nxd3
44.Nxd3 Bf5 45.Nc5 Qd6 46.Qh6 Kg8 47.Qe3 Kf7 48.g3 Kf8 49.Kg2 Kf7 50.f3 Bc8
51.Kf2 Bf5 52.Qc3 Qc7 53.Kg2 Bc8 54.Qd2 Qd6 55.g4 Kg7 56.Qc1 Kf7 57.Nd3 Bd7
58.Qh6 Kg8 59.Qe3 Kf7 60.Nf4 Qxb4 61.Nxd5 Qd6 62.Nf4 Qc6 63.Qb3+ Kf8 64.Nd5 Qd6
65.Qb4 Qxb4 66.Nxb4 Bc8 67.g5 fxg5 68.hxg5 Bb7 69.Kf2 Ke7 70.Ke3 Kd6 71.Kd3 Bc8
72.Ke2 Bb7 73.Kd2 Bc8 74.Ke3  1/2-1/2

[Event "Korinthos op 3rd"]
[Site "Korinthos"]
[Date "1999.07.27"]
[Round "4"]
[White "Banikas, Hristos"]
[Black "Mastrovasilis, Dimitrios"]
[Result "1-0"]
[WhiteElo "2507"]
[BlackElo "2384"]

1.c4 e6 2.Nf3 d5 3.d4 c6 4.e3 Nf6 5.Bd3 Nbd7 6.O-O Bd6 7.Nc3 O-O 8.e4 dxc4
9.Bxc4 e5 10.h3 b5 11.Bb3 Bb7 12.Bg5 Re8 13.d5 Qb8 14.dxc6 Bxc6 15.Bxf6 Nxf6
16.Rc1 Rc8 17.Qd3 a6 18.Rfd1 Bf8 19.Nd5 Nd7 20.Ng5 Nc5 21.Qf3 Ra7 22.Qh5  1-0

[Event "BCF-ch 86th"]
[Site "Scarborough"]
[Date "1999.08.01"]
[Round "1"]
[White "Hanley, Craig"]
[Black "Summerscale, Aaron"]
[Result "1/2-1/2"]
[WhiteElo "2178"]
[BlackElo "2423"]

1.c4 e6 2.Nf3 d5 3.d4 c5 4.cxd5 exd5 5.Nc3 Nc6 6.Bf4 Nf6 7.e3 Be7 8.Bb5 O-O
9.O-O Bg4 10.dxc5 Bxc5 11.h3 Be6 12.Rc1 Be7 13.Ne2 Qb6 14.Qa4 Rac8 15.a3 Bd7
16.Ned4 Rfd8 17.b4 Be8 18.Rfd1 a6 19.Nxc6 bxc6 20.Bd3 Ra8 21.Qc2 a5 22.bxa5 Qxa5
23.Be5 Qxa3 24.Nd4 c5 25.Bxf6 cxd4 26.Bxe7 Qxe7 27.Re1 dxe3 28.Bxh7+ Kh8
29.Rxe3 Qg5 30.Bd3 Bd7 31.Rg3 Qh6 32.Rb1 Be6 33.Qc7 Qf6 34.Rf3 Qg5 35.Rg3 Qf6
36.Rf3 Qg5 37.Rg3  1/2-1/2

[Event "Scandic Hotels CC"]
[Site "Stockholm"]
[Date "1999.08.02"]
[Round "3"]
[White "Agrest, Evgenij"]
[Black "Ahlander, Bjorn"]
[Result "1-0"]
[WhiteElo "2554"]
[BlackElo "2436"]

1.c4 e6 2.Nf3 d5 3.d4 Nf6 4.Nc3 Nbd7 5.cxd5 exd5 6.Bg5 Bb4 7.Qa4 Qe7 8.e3 O-O
9.Bd3 c5 10.O-O Bxc3 11.bxc3 c4 12.Bb1 h6 13.Bh4 Qe6 14.Nd2 g6 15.Qc2 Nb6
16.Re1 Bd7 17.f3 Rae8 18.Qc1 Kg7 19.e4 Bc6 20.e5 Nh5 21.Nf1 g5 22.Bxg5 Rg8
23.Bh4 Kh8 24.Bf6+  1-0

[Event "Budapest FS08 IM"]
[Site "Budapest"]
[Date "1999.08.11"]
[Round "5"]
[White "Marinkovic, Milan"]
[Black "Kotan, Ladislav"]
[Result "1/2-1/2"]
[WhiteElo "2360"]
[BlackElo "2317"]

1.c4 e6 2.Nf3 d5 3.g3 Nf6 4.Bg2 Be7 5.O-O O-O 6.b3 Nbd7 7.Bb2 b6 8.d4 Bb7
9.Nc3 c5 10.cxd5 Nxd5 11.Rc1 Rc8 12.Nxd5 Bxd5 13.Qd3 Nf6 14.Rfd1 cxd4 15.Qxd4 Rxc1
16.Rxc1 Bc5 17.Qd3 h6 18.Ne5 Bxg2 19.Kxg2 Qa8+ 20.Qf3 Qxf3+ 21.Kxf3 Rd8 22.Nd3  1/2-1/2

[Event "Zurich Hilton op"]
[Site "Zurich"]
[Date "1999.08.15"]
[Round "3"]
[White "Gheorghiu, Florin"]
[Black "Ammann, Walter"]
[Result "1-0"]
[WhiteElo "2450"]
[BlackElo "2231"]

1.c4 e6 2.Nf3 d5 3.d4 c6 4.Qc2 Nf6 5.g3 dxc4 6.Qxc4 b5 7.Qc2 Bb7 8.Nbd2 Nbd7
9.Nb3 Qb6 10.Bg2 c5 11.dxc5 Bxc5 12.Nxc5 Nxc5 13.Be3 Qa5+ 14.Bd2 Qb6 15.O-O Nce4
16.Be3 Qa6 17.a4 O-O 18.axb5 Qxb5 19.Rxa7 Rxa7 20.Bxa7 Rc8 21.Qd3 Qa5 22.Bd4 Ba6
23.Qe3 Nd6 24.Bxf6 gxf6 25.Qd4 Qc7 26.Qxf6 Bxe2 27.Re1 Bd3 28.Ne5 Ne8 29.Qg5+ Bg6
30.Nc6 Kg7 31.b4 f6 32.Qg4 e5 33.b5 h5 34.Qb4 Qb6 35.Rd1 Rc7 36.h4 Bf7 37.Ne7 Be6
38.Bc6 Kf7 39.Nd5 Bxd5 40.Rxd5 Qa7 41.Rd8 Re7 42.Qb3+  1-0

[Event "Zurich Hilton op"]
[Site "Zurich"]
[Date "1999.08.17"]
[Round "5"]
[White "Habibi, Ali"]
[Black "Kelecevic, Nedeljko"]
[Result "0-1"]
[WhiteElo "2343"]
[BlackElo "2421"]

1.c4 e6 2.Nf3 d5 3.e3 dxc4 4.Bxc4 c5 5.O-O Nf6 6.Nc3 a6 7.a4 Be7 8.d4 cxd4
9.exd4 Nbd7 10.h3 O-O 11.a5 b5 12.axb6 Nxb6 13.Bd3 Bb7 14.Be3 Nbd5 15.Ne5 Nb4
16.Bb1 Rc8 17.Qe2 Qd6 18.Rd1 Rfd8 19.Bg5 g6 20.Bf4 Qb6 21.Be3 Nbd5 22.Na4 Qd6
23.Bd3 Nb4 24.Bc4 Nfd5 25.b3 Ba8 26.Bh6 Bf6 27.Re1 Bg7 28.Bc1 Nc6 29.Ba3 Qc7
30.Bc5 Nxe5 31.Bxd5 Rxd5 32.Bb6 Qb7 33.dxe5 Rxe5 34.Qf1 Rg5 35.f3 Bxa1 36.Rxa1 Rc2
37.g4 Qxf3  0-1

[Event "Ehrat mem"]
[Site "Zurich"]
[Date "1999.08.17"]
[Round "5"]
[White "Zueger, Beat"]
[Black "Tischbierek, Raj"]
[Result "1-0"]
[WhiteElo "2434"]
[BlackElo "2544"]

1.c4 e6 2.Nf3 d5 3.d4 Nf6 4.g3 Bb4+ 5.Bd2 Be7 6.Bg2 c6 7.O-O O-O 8.Qb3 b6
9.cxd5 cxd5 10.Ne5 Ne4 11.Rc1 f6 12.Nd3 Qd7 13.Bb4 Bb7 14.Bxe7 Qxe7 15.Bxe4 dxe4
16.Nf4 Re8 17.d5 Na6 18.Nxe6 Bxd5 19.Qxd5 Qxe6 20.Nc3 Rac8 21.Qxe6+ Rxe6
22.Nb5 Rec6 23.Rxc6 Rxc6 24.Kf1 Nc7 25.Nxa7 Rc2 26.Rd1 Kf7 27.Rd6 Rc1+ 28.Kg2 Ne6
29.Nb5 Rb1 30.Rxb6 Rxb2 31.Nd6+  1-0

[Event "FRA-ch qual"]
[Site "Bescanon"]
[Date "1999.08.18"]
[Round "1"]
[White "Lafont de Sent, Thomas"]
[Black "Forthofer, Robert"]
[Result "0-1"]
[WhiteElo "2274"]
[BlackElo "2152"]

1.Nf3 e6 2.c4 d5 3.d4 c6 4.Nc3 f5 5.g3 Nf6 6.Bg2 Bd6 7.O-O Nbd7 8.Qc2 Ne4
9.Ne1 Ndf6 10.Nd3 O-O 11.f3 Nxc3 12.Qxc3 b6 13.cxd5 cxd5 14.Qc6 Ba6 15.Bf4 Ne8
16.Bxd6 Nxd6 17.Nf4 Qe7 18.Rfe1 g5 19.Nd3 Nb5 20.a4 Rfc8 21.axb5 Rxc6 22.bxc6 Bxd3
23.exd3 Qd6 24.f4 gxf4 25.gxf4 Qxc6 26.Re5 Kf7 27.Rae1 Re8 28.Bf3 Kf6 29.Kh1 Rd8
30.Bg2 a5 31.R1e3 b5 32.Bf1 Rd6 33.Rh3 Qc1 34.Kg1 Qxb2 35.Rxh7 a4 36.Rh6+ Kf7
37.Be2 a3 38.Bh5+ Ke7 39.Rh7+ Kd8 40.Re2 Qxd4+ 41.Kh1 Ra6 42.Rg2 Qa1+ 43.Rg1 Qxg1+
44.Kxg1 a2  0-1

[Event "Pyramiden Franken Cup"]
[Site "Fuerth"]
[Date "1999.08.23"]
[Round "3"]
[White "Taimanov, Mark E"]
[Black "Krug, Stefan"]
[Result "1/2-1/2"]
[WhiteElo "2407"]
[BlackElo "2187"]

1.c4 e6 2.Nf3 d5 3.e3 Nf6 4.b3 Be7 5.Bb2 O-O 6.d4 b6 7.Bd3 Bb7 8.O-O c5 9.Nbd2 cxd4
10.exd4 Ne4 11.cxd5 Nxd2 12.Qxd2 Bxd5 13.Ne5 Nd7 14.Nc4 Nf6 15.Rac1 Rc8 16.Ne5 Rxc1
17.Rxc1 Qa8 18.f3 Rc8 19.Rc2 Rxc2 20.Qxc2 Qb7  1/2-1/2

[Event "Pyramiden Franken Cup"]
[Site "Fuerth"]
[Date "1999.08.26"]
[Round "6"]
[White "Chuchelov, Vladimir"]
[Black "Michaelsen, Nils"]
[Result "0-1"]
[WhiteElo "2535"]
[BlackElo "2440"]

1.c4 e6 2.Nf3 d5 3.g3 c5 4.Bg2 Nc6 5.O-O Nf6 6.b3 Be7 7.e3 O-O 8.Bb2 b6 9.Nc3 Ba6
10.d3 Rc8 11.Qe2 Re8 12.Rfd1 Bf8 13.a3 g6 14.Na2 Bg7 15.b4 Nb8 16.Nc3 Nbd7
17.b5 Bb7 18.a4 Rc7 19.a5 h6 20.Na4 Nh7 21.Bxg7 Kxg7 22.cxd5 Bxd5 23.e4 Ba8
24.d4 Qb8 25.axb6 axb6 26.e5 Nhf8 27.h4 Bd5 28.Qe3 Rec8 29.Nh2 h5 30.Nf3 Ra7
31.Qf4 cxd4 32.Ng5 Nxe5 33.Bxd5 exd5 34.Qxd4 Rc4 35.Qxb6 Rb7 36.Qe3 Rxb5
37.Re1 f6 38.Nf3 Rb3 39.Qe2 Re4  0-1

[Event "Atlantic op"]
[Site "Washington DC"]
[Date "1999.08.28"]
[Round "2"]
[White "Meyer, Eugene B"]
[Black "Kamat, Anand"]
[Result "1-0"]
[WhiteElo "2434"]
[BlackElo "2225"]

1.c4 e6 2.Nf3 d5 3.b3 d4 4.e3 c5 5.exd4 cxd4 6.d3 Nc6 7.g3 Nge7 8.Bg2 Ng6
9.O-O Be7 10.Na3 h5 11.Nc2 h4 12.Rb1 e5 13.b4 Bf6 14.Nd2 Bf5 15.Ne4 Be7 16.b5 Na5
17.Bd2 a6 18.Qe1 axb5 19.Rxb5 Nc6 20.Rxb7 Bd7 21.Qb1 f5 22.Ng5 Qc8 23.Bd5 Bxg5
24.Bxg5 f4 25.Qb6 hxg3 26.fxg3 Rxa2 27.Rc7 Qb8 28.Rxc6  1-0

[Event "EU-ch U18 Girls"]
[Site "Litohoto"]
[Date "1999.09.05"]
[Round "3"]
[White "Reizniece, Dana"]
[Black "Kiss, Judit"]
[Result "1-0"]
[WhiteElo "2294"]
[BlackElo "2144"]

1.c4 e6 2.Nf3 d5 3.e3 Nf6 4.b3 c5 5.Bb2 Nc6 6.g3 Bd6 7.Bg2 O-O 8.O-O dxc4
9.bxc4 e5 10.Nc3 Bg4 11.h3 Bh5 12.d3 Re8 13.Qd2 Qd7 14.Kh2 Rad8 15.Nd5 Bf8
16.a4 Qd6 17.Ng5 Ne7 18.Nxf6+ gxf6 19.Ne4 Qc6 20.f4 Bg6 21.Qc3 Bxe4 22.Bxe4 Qe6
23.fxe5 f5 24.Bxb7 Bg7 25.d4 Rb8 26.Bg2 Rb4 27.d5 Qa6 28.d6 Ng6 29.Rxf5 Qc8
30.Qd3 Rxb2 31.d7 Rxg2+ 32.Kh1 Qa8 33.dxe8=Q+ Qxe8 34.Kxg2 Nxe5 35.Qe4 Qb8
36.Raf1 Qb2+ 37.R1f2 Qc3 38.Rxf7  1-0

[Event "New York State-ch 121st"]
[Site "New York"]
[Date "1999.09.05"]
[Round "3"]
[White "Chernin, Oliver"]
[Black "Schneider, Dmitry"]
[Result "0-1"]
[WhiteElo "2229"]
[BlackElo "2358"]

1.c4 e6 2.Nf3 d5 3.b3 c5 4.g3 Nc6 5.Bg2 Nf6 6.O-O Be7 7.cxd5 exd5 8.d4 Ne4
9.Bb2 Bf6 10.e3 O-O 11.Ne5 Re8 12.Nxc6 bxc6 13.Nd2 cxd4 14.Nxe4 dxe4 15.Bxd4 Ba6
16.Bxf6 Qxf6 17.Re1 Rad8 18.Qc2 Bd3 19.Qc1 Rd5 20.Rd1 h5 21.Rd2 h4 22.Qb2 Qf5
23.Re1 Re6 24.Qa3 a6 25.Qb4 Qh5 26.Qb8+ Kh7 27.Qf4 hxg3 28.fxg3 Rf5 29.Qc7 Ref6
30.Qd7 Rd5 31.Qh3 Qxh3 32.Bxh3 Rc5 33.Bf1 Bxf1 34.Rxf1 Rxf1+ 35.Kxf1 Rc1+
36.Kg2 f5 37.g4 Kg6 38.gxf5+ Kxf5 39.Rf2+ Ke5 40.Re2 a5 41.Kg3 c5 42.Kg4 Rg1+
43.Kh5 Kd5 44.h4 Rg3 45.Rd2+ Kc6 46.Re2 Kb5 47.a3 c4 48.a4+ Kb4 49.bxc4 Kxc4
50.Rc2+ Kd3 51.Rd2+ Kxe3 52.Re2+ Kd3 53.Rd2+ Kc3 54.Rc2+ Kb3 55.Rb2+ Ka3
56.Re2 g6+ 57.Kh6 e3 58.h5 gxh5 59.Kxh5 Kxa4 60.Kh4 Rg8 61.Rxe3 Rd8 62.Kg3 Kb4
63.Re7 a4 64.Rb7+ Kc3 65.Rc7+ Kb3 66.Rb7+ Ka2 67.Kf2 Re8 68.Kf1 a3 69.Kf2 Re4
70.Rb8 Re7 71.Rb6 Ka1 72.Rb8 a2 73.Rb6 Rc7 74.Ke2 Rc1 75.Kd2 Rb1 76.Ra6 Kb2  0-1

[Event "CRO-chT"]
[Site "Pula"]
[Date "1999.09.17"]
[Round "8"]
[White "Mandekic, Ivan"]
[Black "Vukelic, Tomislav"]
[Result "1-0"]
[WhiteElo "2230"]
[BlackElo "2288"]

1.c4 e6 2.Nf3 d5 3.g3 g6 4.Bg2 Bg7 5.O-O d4 6.d3 Ne7 7.b4 O-O 8.Bb2 c6 9.Nbd2 e5
10.Qc2 h6 11.a3 Bf5 12.c5 Qd7 13.Nc4 Qc7 14.Nd6 Bg4 15.e3 Bxf3 16.Bxf3 Nd5
17.exd4 exd4 18.Rae1 Qd7 19.Bxd5 cxd5 20.f4 Nc6 21.f5 Bf6 22.Qg2 Ne7 23.Qf2 Nc6
24.Qg2 Ne7 25.fxg6 fxg6 26.Qe2 Bg5 27.Bxd4 Nc6 28.Bb2 d4 29.Qe4 Qg7 30.b5 Rxf1+
31.Rxf1 Be3+ 32.Kg2 Ne5 33.Bxd4 Bxd4 34.Qxd4 Rd8 35.Re1 Nf7 36.Qxg7+ Kxg7
37.Re7  1-0

[Event "Donne Haas mem"]
[Site "Bonnevoie"]
[Date "1999.09.25"]
[Round "8"]
[White "Burkart, Patrick"]
[Black "Upton, Timothy J"]
[Result "1-0"]
[WhiteElo "2381"]
[BlackElo "2295"]

1.c4 e6 2.Nf3 d5 3.b3 c5 4.g3 Nc6 5.Bg2 Be7 6.Bb2 Nf6 7.cxd5 exd5 8.d4 b6
9.O-O O-O 10.Nc3 Bb7 11.Rc1 Re8 12.dxc5 Bxc5 13.Ne1 d4 14.Na4 Qe7 15.Nd3 Na5
16.Naxc5 bxc5 17.Rxc5 Bxg2 18.Kxg2 Qe4+ 19.Kg1 Nb7 20.Rc2 Rad8 21.Qd2 Nd5
22.Rfc1 Nd6 23.Nc5 Qg6 24.Qxd4 Nf5 25.Qa4 h5 26.e4 Nh4 27.e5 Nf3+ 28.Kh1 Nxe5
29.Re2 Nb6 30.Qe4 Qxe4+ 31.Rxe4 Ng4 32.Rc2 Rd1+ 33.Kg2 Rxe4 34.Nxe4 Nd5 35.Rc8+ Kh7
36.h3 Nh6 37.Rc6 f6 38.Ra6 Re1 39.Kf3 Nf7 40.Rxa7 Kg6 41.h4 Rb1 42.Nc3 Rxb2
43.Nxd5 Ne5+ 44.Kg2 Ng4 45.Nf4+ Kh6 46.Nh3 Ne3+ 47.Kf3 Nd1 48.Ra5 g6 49.Ra6 Kg7
50.Ra7+ Kh6 51.Rf7 Rxa2 52.Rxf6 Rb2 53.Rd6 Rxb3+ 54.Kg2 Nc3 55.Nf4 Rb2 56.Rxg6+ Kh7
57.Rg5  1-0

[Event "Manhattan CC-ch"]
[Site "New York"]
[Date "1999.09.26"]
[Round "5"]
[White "Schwartz, Ylan"]
[Black "Schneider, Dmitry"]
[Result "1/2-1/2"]
[WhiteElo "2281"]
[BlackElo "2358"]

1.c4 e6 2.Nf3 d5 3.b3 c5 4.Bb2 Nc6 5.g3 Nf6 6.Bg2 Be7 7.O-O O-O 8.e3 d4 9.exd4 cxd4
10.d3 Re8 11.a3 a5 12.Re1 Bf8 13.Ne5 Nxe5 14.Rxe5 Qd6 15.Qe2 Rd8 16.Nd2 Nd7
17.Rb5 Nc5 18.b4 Na4 19.Ne4 Qc7 20.Qc2 Nxb2 21.Qxb2 axb4 22.axb4 Rxa1+ 23.Qxa1 b6
24.c5 f5 25.Rxb6 fxe4 26.Bxe4 Be7 27.Qa8 Rf8 28.Qb8 Bd8 29.Qxc7 Bxc7 30.Rc6 Bb8
31.Rb6  1/2-1/2

[Event "Asia-chT"]
[Site "Shenyang"]
[Date "1999.10.12"]
[Round "4"]
[White "Juswanto, Denny"]
[Black "Ghorbani, Mohsen"]
[Result "1/2-1/2"]
[WhiteElo "2465"]
[BlackElo "2379"]

1.c4 e6 2.Nf3 d5 3.d4 Nf6 4.g3 Nbd7 5.Bg2 c6 6.Qc2 Be7 7.O-O O-O 8.Nbd2 b6
9.b3 Bb7 10.Bb2 Rc8 11.Rac1 c5 12.e3 dxc4 13.bxc4 Rc7 14.Rfd1 Qa8 15.Nh4 Rfc8
16.Bxb7 Qxb7 17.Qd3 Bf8 18.Ng2 Qa6 19.Qb3 h6 20.Nf4 cxd4 21.exd4 Qa5 22.Nf1 Bd6
23.Ng2 Qh5 24.Nfe3 Ne4 25.Qc2 Ndf6 26.f4 Bf8 27.Rf1 Nd6 28.Qd3 Ng4 29.Nxg4 Qxg4
30.Ne3 Qh5 31.Rc2 Qa5 32.Rfc1 Qa6 33.g4 Qb7 34.d5 exd5 35.cxd5 Rxc2 36.Rxc2 Rxc2
37.Qxc2 Qa6 38.Be5 Qa5 39.Kf2 Qb4 40.Kf3 Qe1 41.Bxd6 Bxd6 42.Qc8+ Kh7 43.Qf5+ Kg8
44.Qc8+  1/2-1/2

[Event "AUT2W-chT"]
[Site "Kufstein"]
[Date "1999.10.15"]
[Round "1.3"]
[White "Duer, Arne"]
[Black "Koenig, Dietrich"]
[Result "0-1"]
[WhiteElo "2378"]
[BlackElo "2321"]

1.c4 e6 2.Nf3 d5 3.d4 c5 4.cxd5 exd5 5.g3 Nc6 6.Bg2 Nf6 7.O-O Be7 8.b3 Ne4
9.Bb2 Bf6 10.Na3 O-O 11.Nc2 Re8 12.Ne3 Be6 13.Rc1 Qa5 14.a4 Rac8 15.Qd3 cxd4
16.Nxd4 Nc5 17.Nxc6 bxc6 18.Qc2 Bxb2 19.Qxb2 Rb8 20.Rfd1 Nxb3 21.Rxc6 d4
22.Nc4 Qxa4 23.Qc2 Qb4 24.Nd6 Red8 25.Ne4 d3 26.exd3 Nd4 27.Qc5 Nxc6 28.Qxc6 Qb3
29.Re1 Qxd3 30.Ng5 Rb1 31.Rxb1 Qxb1+ 32.Bf1 Qf5 33.h4 a5 34.Qc7 Rc8 35.Qa7 Qc5
36.Qa6 Bd5 37.Qd3 g6 38.Ne4 Bxe4 39.Qxe4 Kg7 40.Be2 Rc7 41.Bf3 Re7 42.Qf4 Qe5
43.Qa4 h5 44.Kg2 Re6 45.Qa2 Rb6 46.Bd5 Qd4 47.Bb3 Rb4 48.Bc2 Rb2 49.Qa1 Qc3  0-1

[Event "Wichern op 5th"]
[Site "Hamburg"]
[Date "1999.10.16"]
[Round "2"]
[White "Ftacnik, Lubomir"]
[Black "Leer Salvesen, Bjarte"]
[Result "1-0"]
[WhiteElo "2589"]
[BlackElo "2261"]

1.c4 e6 2.Nf3 d5 3.d4 c6 4.Nbd2 Nf6 5.g3 Nbd7 6.Bg2 Bd6 7.O-O O-O 8.Qc2 Re8
9.Re1 e5 10.cxd5 Nxd5 11.e4 Nb4 12.Qb1 exd4 13.a3 Na6 14.Nxd4 Ne5 15.N2f3 Bc5
16.Nxe5 Bxd4 17.Nf3 Bb6 18.b4 Nc7 19.Bb2 Qe7 20.Ne5 Be6 21.Qc2 Rad8 22.Nd3 Nb5
23.a4 Nd4 24.Qc3 f6 25.a5 Nb5 26.Qc2 Bd4 27.Rad1 Qf7 28.Nc5 b6 29.Nxe6 Qxe6
30.Bf1 Qe5 31.Bc1 Kh8 32.Qxc6 Nc3 33.Bf4 Nxd1 34.Bxe5 Bxf2+ 35.Kh1 Bxe1 36.Bc7 Ra8
37.Ba6 Rf8 38.Bb7 Rae8 39.Qc1 Rf7 40.Bd5 Nf2+ 41.Kg2 Nd3 42.Qc4 Rfe7 43.Bd6 Rd7
44.Qxd3 Rxd6 45.Kf1 Re5 46.Qc4 h5 47.Qc8+ Kh7 48.Bf7 Bxg3 49.hxg3  1-0

[Event "VAM Hoogeveen op"]
[Site "Hoogeveen"]
[Date "1999.10.18"]
[Round "4"]
[White "Blees, Albert"]
[Black "Cifuentes Parada, Roberto"]
[Result "1/2-1/2"]
[WhiteElo "2410"]
[BlackElo "2506"]

1.c4 e6 2.Nf3 d5 3.d4 Nf6 4.Nc3 c5 5.cxd5 cxd4 6.Qxd4 exd5 7.Bg5 Be7 8.e3 O-O
9.Rd1 Be6 10.Bd3 Nbd7 11.O-O h6 12.Bh4 Qa5 13.Bc2 Rfd8 14.Qd3 Rac8 15.Nd4 Qb4
16.Bxf6 Nxf6 17.Bb3 Kh8 18.Nde2 Bg4 19.Rc1 Bxe2 20.Nxe2 Bd6 21.h3 Be5 22.Nd4 a5
23.a3 Qb6 24.Rxc8 Rxc8 25.Qf5 Re8 26.Ba4 g6 27.Qc2 Re7 28.Nb5 Kg7 29.Rd1 Re6
30.Qd2 Rc6 31.Nd4 Rc4 32.Bb5 Rc7 33.a4 Bxd4 34.exd4 Ne4 35.Qe3 Rc2 36.Bd3  1/2-1/2

[Event "Zuglo Hotel op 3rd"]
[Site "Budapest"]
[Date "1999.10.23"]
[Round "8"]
[White "Bordas, Gyula"]
[Black "Naes, Flovin Tor"]
[Result "0-1"]
[WhiteElo "2111"]
[BlackElo "2222"]

1.c4 e6 2.Nf3 d5 3.g3 dxc4 4.Qa4+ Nd7 5.Bg2 Nf6 6.O-O c6 7.Qxc4 Bd6 8.d4 Qc7
9.Na3 O-O 10.Rd1 e5 11.dxe5 Nxe5 12.Nxe5 Bxe5 13.Bf4 Bxf4 14.Qxf4 Qxf4 15.gxf4 Be6
16.b3 Rfd8 17.Nc4 Bxc4 18.bxc4 Kf8 19.Rab1 Rxd1+ 20.Rxd1 Rc8 21.Kf1 Ke7 22.Bf3 Rd8
23.Rxd8 Kxd8 24.Ke1 Kc7 25.Kd2 Kb6 26.Kc3 Kc5 27.h4 g6 28.e4 b5 29.e5 Ng8
30.cxb5 cxb5 31.Be4 Ne7 32.h5 a5 33.f3 Nd5+ 34.Bxd5 Kxd5 35.h6 Kc5 36.Kb3 Kd4
37.a4  0-1

[Event "Wch U18"]
[Site "Oropesa del Mar"]
[Date "1999.10.29"]
[Round "6"]
[White "Pilaj, Herwig"]
[Black "Varela, Gaston"]
[Result "1/2-1/2"]
[WhiteElo "2197"]
[BlackElo "2283"]

1.c4 e6 2.Nf3 d5 3.g3 Nf6 4.Bg2 Be7 5.O-O O-O 6.b3 c5 7.cxd5 exd5 8.d4 Nc6
9.Bb2 Bg4 10.dxc5 Bxc5 11.Nc3 Re8 12.Rc1 Bf8 13.Nb5 Rc8 14.e3 Ne4 15.Nbd4 Qd7
16.Qd3 Bd6 17.a3  1/2-1/2

[Event "Extraliga CZE"]
[Site "Ostrava CZE"]
[Date "1999.11.01"]
[Round "2"]
[White "Moravec,M"]
[Black "Bazant,P"]
[Result "1/2-1/2"]
[WhiteElo "2269"]
[BlackElo "2361"]

1.c4 e6 2.Nf3 d5 3.d4 Nf6 4.g3 dxc4 5.Bg2 c5 6.Qa4+ Bd7 7.Qxc4 Nc6 8.Nc3 Qb6
9.dxc5 Qxc5 10.Nd2 Be7 11.O-O O-O 12.Qxc5 Bxc5 13.Nc4 Rfd8 14.Rd1 Be8 15.Bf4 Rxd1+
16.Rxd1 Rd8 17.Bd6 b6 18.e3 Na5 19.Bxc5 Rxd1+ 20.Nxd1 Nxc4 21.Bd4 Nd5 22.a3 Bc6
23.Nc3 Nxc3 24.Bxc3  1/2-1/2

[Event "Chigorin mem"]
[Site "St Petersburg"]
[Date "1999.11.03"]
[Round "2"]
[White "Kharitonov, Andrei Y"]
[Black "Romanov, Oleg"]
[Result "1-0"]
[WhiteElo "2559"]
[BlackElo "2381"]

1.Nf3 e6 2.c4 d5 3.d4 Nf6 4.e3 Bb4+ 5.Nbd2 O-O 6.a3 Be7 7.Bd3 b6 8.cxd5 exd5
9.b4 Qe8 10.Bb2 Bd7 11.Qc2 Bd6 12.O-O Ba4 13.Qb1 Bb5 14.Bxb5 Qxb5 15.Bc3 Re8
16.a4 Qc6 17.Rc1 Ne4 18.Qb3 a6 19.Nxe4 Rxe4 20.b5 Qd7 21.Bb4 axb5 22.Bxd6 Qxd6
23.axb5 Rxa1 24.Rxa1 Re8 25.Rc1 f6 26.g3 g6 27.Ne1 Kg7 28.Nd3 g5 29.Nb4 Rd8
30.Qa4 Qd7 31.Qa7 Qxb5 32.Rxc7+ Nd7 33.Qa3 Kg8 34.Kg2 Nf8 35.Nc6 Re8 36.Ne7+ Kf7
37.Nf5+ Kg6 38.Nd6  1-0

[Event "Chigorin mem"]
[Site "St Petersburg"]
[Date "1999.11.09"]
[Round "8"]
[White "Donchenko, Anatoly G"]
[Black "Yashtylov, Anatolij"]
[Result "0-1"]
[WhiteElo "2413"]
[BlackElo "2318"]

1.c4 e6 2.Nf3 d5 3.g3 c6 4.b3 Nf6 5.Bg2 Bd6 6.d4 O-O 7.O-O Qe7 8.Nbd2 Ne4
9.Qc2 f5 10.Ne5 b6 11.Ndf3 Bb7 12.Nd3 Nd7 13.Bf4 Rac8 14.Bxd6 Qxd6 15.Rac1 c5
16.dxc5 Ndxc5 17.Nde5 dxc4 18.Nxc4 Qe7 19.Qb2 b5 20.Ncd2 b4 21.a3 Nc3 22.Nb1 Nxb3
23.Nxc3 Nxc1 24.axb4 Rxc3  0-1